000 00442nam a2200181Ia 4500
005 20240823043518.0
008 240823s9999||||xx |||||||||||||| ||und||
041 _aENGLISH
082 _A621.3822 M9
100 _a"Johnson,Johnny R"
245 0 _aIntroduction to Digital Signal Processing
250 _a1st
260 _c1989
_b"PHI,New Delhi"
500 _aYES
650 _aElectronics
_bElectronics
942 _cBK
999 _c210399
_d210399